000 01032nam a2200301 i 4500
003 DO-SdBNP
005 20250512140811.0
007 ta
008 250512b2012 dr a|||| |||| 00| 0 spa d
020 _a9789945885200
040 _aDO-SdBNP
_bspa
_cBNPHU
_erda
041 1 7 _aspa
_heng
082 4 _axxx
_bxxx
_222
100 _aMéndez, Mario,
_eautor
_4aut.
_945014
245 1 0 _aCuando ni la sangre pesa :
_bvivencias que te parecerán ficción
_cMario Méndez < edición, Eloy Tejera < traducción, Miriam Veliz
250 _aPrimera edición
264 4 _aSanto Domingo :
_bEditora Hannover,
_c©2012.
300 _a245 páginas ;
_c21 cm.
336 _atexto
_btxt
_2rdacontent
337 _asin mediación
_bn
_2rdamedia
338 _avolumen
_bnc
_2rdacarrier
500 _aIncluye referencias bibliográficas y notas al pie de las páginas
590 _aInventariado, 2025/BT
700 1 _aTejera, Eloy,
_eeditor
_4ed.
_987521
700 1 _aVeliz, Miriam,
_etraductor
_4tr.
_965358
910 _aBtavárez
942 _2ddc
_cLBS1
999 _c59012
_d59012